The deluge /

Saved in:
Bibliographic Details
Main Author: Niall, Ian, 1916-
Format: Book
Language:English
Published: London : Heinemann, 1950.
LEADER 00701nam a2200205 a 4500
001 c000126950
003 CARM
005 00000000000000.0
008 930330s1950 enk 00011 eng d
019 1 |a 9923692  |5 LACONCORD2021 
035 |a (OCoLC)37268075  |5 LACONCORD2021 
040 |a VLINC  |c VLINC 
100 1 |a Niall, Ian,  |d 1916- 
245 1 4 |a The deluge /  |c Ian Niall. 
260 |a London :  |b Heinemann,  |c 1950. 
300 |a 276 p. ;  |c 19 cm. 
852 8 |b CARM  |h A2:AO04G0  |i A01146  |p 0116309  |f BK 
082 0 4 |a 823.914  |2 20 
999 f f |i 78367b4f-699c-5001-aada-8ee4f4722bd3  |s d51ff580-a998-59cd-8e81-dacbe32e1789 
952 f f |p Can circulate  |a CAVAL  |b CAVAL  |c CAVAL  |d CARM 1 Store  |e A01146  |f A2:AO04G0  |h Other scheme  |i book  |m 0116309